000 00792nam a22002417a 4500
999 _c64544
_d64544
005 20240530110737.0
008 180904s2009 ua a g b 000 0 ara d
017 _a2008/5918
_bمصر. دار الكتب
020 _a9789770923484
040 _aEG-CaGPL
_cEG-CaGPL
082 0 4 _221
_a219.9\
_bي ك
100 0 _aيوسف القرضاوى
245 1 0 _aكلمات فى الوسطية الاسلامية ومعالمها /
_cيوسف القرضاوى
250 _aط.2
260 _aالقاهرة :
_bدار الشروق ،
_c2009 .
300 _a61 ص. ؛
_c24 سم.
650 0 7 _aوسطية الاسلام
650 0 7 _aالاخلاق الاسلامية
650 0 7 _aالاسلام
651 _2qrmak
942 _2ddc
_cBK